00927nam a2200217Ia 4500003000900000008004100009020001800050040001600068080002300084111014200107245026200249260003700511300001600548650004100564650002100605650001400626650001400640650001300654700002000667700002200687IN-BaIIA211028s9999 xx 000 0 eng d a0-7923-3045-5 cIIA Library a082.2:52bIAU-S162 aSymposium of the International Astronomical Union on Pulsation, Rotation, and Mass Loss in Early-Type Starsn162thcFranced1993 Oct. 5-8 0aPulsation, rotation, and mass loss in early-type Starsbproceedings of the 162nd Symposium of the IAU on pulsation, rotation, and mass loss in early-type Stars, held in France, October 5-8, 1993cedited by Balona, Luis A., Henrichs, Huib F and Le Contel  aDordrechtbKluwer Academicc1994 axxii, 550p. aAstronomy and Astrophysics Thesaurus aEarly type Stars aMass loss aPulsation aRotation aBalona, L., ed. aHenrichs, H., ed.